Kraje które były pod kontrolą Danii - Statystyki

Ogólne statystyki
  • Ten quiz został rozwiązany 120 razy
  • Średni wynik to 10 z 13
Statystyki odpowiedzi
Hint Odpowiedź % Poprawnych
100% Szwecja
98%
100% Norwegia
96%
10% Niemcy
95%
50% Finlandia
94%
100% Islandia
90%
5% Polska
88%
1%< Rosja
86%
100% Dania
85%
70% Wielka brytania
82%
40% Estonia
77%
1%< USA
66%
1%< Indie
15%
1%< Ghana
9%
Nie znaleziono quizów pasujących do podanych kryteriów
Rozkład punktacji
Procent ludzi z każdym wynikiem
Percentyl według liczby udzielonych odpowiedzi
Twoja historia wyników
Nie rozwiązałeś tego quizu